La chimica dell'incontro : romanzo /
Gespeichert in:
| 1. Verfasser: | |
|---|---|
| Weitere Verfasser: | |
| Format: | Buch |
| Sprache: | Italienisch |
| Veröffentlicht: |
Milano :
Salani,
2011
|
| Tags: |
Keine Tags, Fügen Sie das erste Tag hinzu!
|
MARC
| LEADER | 00000nam a2200000 i 4500 | ||
|---|---|---|---|
| 001 | IT\ICCU\UBO\3868527 | ||
| 003 | ItRI | ||
| 005 | 20250828213407.0 | ||
| 008 | 110621s2011 it |||||| ||||| |||||c | ||
| 015 | |2 IT |a 2011-7098 | ||
| 020 | |a 9788862565035 | ||
| 040 | |b ita |c Arcigay Genova | ||
| 041 | 7 | |a ita |2 ISO-639-2 | |
| 082 | |a 843.92 |2 21 | ||
| 100 | 1 | |a Dreyfus, Arthur |0 IT\ICCU\UBOV\395698 | |
| 240 | 1 | 3 | |a La synthèse du camphre |9 Dreyfus, Arthur |
| 245 | 1 | 3 | |a La chimica dell'incontro : |b romanzo / |c Arthur Dreyfus ; traduzione di Francesco Bruno. |
| 260 | |a Milano : |b Salani, |c 2011 | ||
| 300 | |a 238 p. ; |c 21 cm. | ||
| 700 | 1 | |a Bruno, Francesco, |0 IT\ICCU\PALV\027046 | |
| 942 | |2 ddc |c BK | ||
| 952 | |0 0 |1 0 |2 ddc |4 0 |6 843_920000000000000_DRE_CHI |7 1 |9 3855 |a GE |b GE |d 2025-04-18 |l 0 |o 843.92 DRE CHI |p 1566 |r 2025-04-18 16:13:57 |w 2025-04-18 |x Donazione di Alvaro Bazzano |y BK |z Donazione AB | ||
| 981 | 1 | |6 z01 |a i |b xxxe | |
| 982 | 1 | |6 z01 |a n | |
| 999 | |c 3006 |d 3006 | ||